000 00675nam a2200193Ia 4500
003 GCL
008 140319s9999 xx 000 0 ara d
040 _aGCL /
_cGCL
082 0 4 _a780.9611
_bم ت
100 1 _aالمعهد الوطنى للموسيقى والتمثل
245 1 0 _aالتراث الموسيقى التونسى /
_cالمعهد الوطنى للموسيقى والتمثل
490 _aالهيئة العامة للاستعلامات
_v0
650 0 4 _aالموسيقى
650 0 4 _aالموشحات
650 0 4 _aالنوتة الموسيقية
650 0 4 _aالسلم الموسيقى
650 0 4 _aالموسيقى - تونس
942 _2ddc
_cBK
999 _c50191
_d50191